Plánování nákladů a zisku v průmyslovém podniku

Uložené v:
Podrobná bibliografia
Hlavný autor: Pohl, Heinz
Médium: Kniha
Jazyk:Czech
Vydavateľské údaje: Praha Výskumný ústav finanční a úvěrové soustavy 1979
Tagy: Pridať tag
Žiadne tagy, Buďte prvý, kto otaguje tento záznam!

MARC

LEADER 00000nam a2200000 4500
001 0222615
005 20240822101701.2
041 0 |a cze 
044 |a CZ 
245 1 0 |a Plánování nákladů a zisku v průmyslovém podniku  |c Heinz Pohl 
264 1 |a Praha  |b Výskumný ústav finanční a úvěrové soustavy  |c 1979 
300 |a 93 s., 96-161 s príl. 
100 1 |a Pohl, Heinz